000 00999cam a2200289 a 4500
008 100303s2005 maua b 001 0 eng
020 _a0618335994 (Instructor's annotated ed.)
040 _aDLC
_cDLC
_dDLC
_dEG-GiCUC
050 0 0 _aBF121
_b.E83 2005
082 0 0 _a150
_221
092 0 4 _a150
_bE787 2005
_221
099 _a04
_a150 E787 2005
245 0 0 _aEssentials of psychology /
_cDouglas Bernstein ... [et al.].
250 _a3rd Instructor's annotated ed.
260 _aBoston :
_bHoughton Mifflin ,
_cc2005.
300 _axxviii, 559, 116 p. :
_bill. (some col.) ;
_c28 cm.+
_e1 CD-ROM (4 3/4 in.)
500 _a"Instructor's annotated ed."
504 _aIncludes bibliographical references (p. A12-A73) and index.
650 0 _aPsychology.
700 1 _aBernstein, Douglas A.
730 0 _aPsychology.
902 _a1
905 _aEman
_eRev.
905 _aJamal
_eCat.
942 _2ddc
_cBK
999 _c118039
_d118039